Динамическая модель механического контактирования условно-неподвижных соединений: автореферат диссертации на соискание ученой степени доктора технических наук; спец. 01.02.06

Бібліографічні деталі
Автор: Перфильева Н. В. Наталья Вадимовна
Співавтор: Алтайский государственный технический университет им. И. И. Ползунова
Інші автори: Максименко А. А. (научный консультант)
Резюме:Заглавие с титульного экрана
Электронная версия печатной публикации
Мова:Російська
Опубліковано: Томск, [Б. и.], 2003
Предмети:
Онлайн доступ:http://www.lib.tpu.ru/fulltext/a/2003/74.pdf
Формат: Електронний ресурс Книга
KOHA link:https://koha.lib.tpu.ru/cgi-bin/koha/opac-detail.pl?biblionumber=59594

MARC

LEADER 00000nlm0a2200000 4500
001 59594
005 20231031060333.0
035 |a (RuTPU)RU\TPU\book\63033 
090 |a 59594 
100 |a 20040119d2003 k y0rusy50 ca 
101 0 |a rus 
102 |a RU 
105 |a a dm 001zy 
135 |a drbn ---uucaa 
181 0 |a i  
182 0 |a b 
200 1 |a Динамическая модель механического контактирования условно-неподвижных соединений  |b Электронный ресурс  |e автореферат диссертации на соискание ученой степени доктора технических наук  |f Н. В. Перфильева  |g Алтайский государственный технический университет им. И. И. Ползунова; науч. конс.: А. А. Максименко  |e спец. 01.02.06 
203 |a Текст  |c электронный 
210 |a Томск  |c [Б. и.]  |d 2003 
215 |a 1 файл (648 Kb) 
230 |a Электронные текстовые данные (1 файл : 648 Kb) 
300 |a Заглавие с титульного экрана 
300 |a Электронная версия печатной публикации 
337 |a Adobe Reader 
452 1 |0 (RuTPU)RU\TPU\book\61639  |t Динамическая модель механического контактирования условно-неподвижных соединений  |o Автореферат диссертации на соискание ученой степени доктора технических наук  |o спец. 01.02.06  |f Н. В. Перфильева  |g Алтайский государственный технический университет им. И. И. Ползунова; Науч. конс. А. А. Максименко  |c Томск  |n Б.и.  |d 2003  |p 40 с.  |a Перфильева, Наталья Вадимовна 
610 1 |a машиностроение 
610 1 |a соединения 
610 1 |a контактирование 
610 1 |a контактные задачи 
610 1 |a поверхности 
610 1 |a выступы 
610 1 |a шероховатости 
610 1 |a нагрузки 
610 1 |a упругие взаимодействия 
610 1 |a трение покоя 
610 1 |a сферы 
610 1 |a контактные колебания 
610 1 |a расчет 
610 1 |a авторефераты диссертаций 
610 1 |a электронный ресурс 
675 |a 621.88(04)  |v 3 
686 |a 01.02.06  |2 oksvnk 
700 1 |a Перфильева  |b Н. В.  |g Наталья Вадимовна 
702 1 |a Максименко  |b А. А.  |4 695 
712 0 2 |a Алтайский государственный технический университет им. И. И. Ползунова  |2 stltpush  |3 (RuTPU)RU\TPU\col\376 
801 1 |a RU  |b 63413507  |c 20040119  |g PSBO 
801 2 |a RU  |b 63413507  |c 20151112  |g PSBO 
856 4 |u http://www.lib.tpu.ru/fulltext/a/2003/74.pdf 
942 |c CF